LEADER 01807nam a2200313 i 4500 001 000000190898 003 CaOOAMICUS 005 20240207125021.0 008 151020s1691 it u000 u ita u 013 $a169372 026 $as.r. 6.e- din- cipe (3) 1691 (R) 040 $aSeMil$bita 100 0 $aMassimo : della Purificazione,$d.$0(OLS)http://semarc/name/69767 245 10$aRaguaglio istorico della nascita, vita, e morte di suor Teresa Margherita dell'Incarnazione già nel secolo serenissima principessa Caterina Farnese indi resasi monaca scalza .. scritto fedelmente dal p. frà Massimo della Purificazione .. 260 $aIn Parma :$bnella Stampa Ducale,$c1691$e(In Parma :$fNella Stamparia Ducale,$g1691) 300 $aXVI, 220 p., [1] carta di tav. :$britr. ;$c4º. 500 $aIniz., fregi xilogr. 500 $aColophon a carta 2D5v. 500 $aSegn.: +-2+4 A-2C4 2D6 500 $aRitratto calcogr. di Caterina Farnese sottoscritta MD esbois Gallus 500 $aStemma xilogr. del dedicatario sul front. 650 4$aReligiose - Biografie.$0(OLS)http://semarc/subject/2046 650 4$aFarnese, Caterina .$0(OLS)http://semarc/subject/26112 710 2 $aStamperia reale$b.$0(OLS)http://semarc/name/3029 850 $aSeMil 852 $aSeMil$W1$xVenegono$y1$m3H VI 41 FA$j141512$B141512$CSeMilBibl$Z2$F153070 $8I 996 $6245$aRaguaglio istorico della nascita, vita, e morte di suor Teresa Margherita dell'Incarnazione già nel secolo serenissima principessa Caterina Farnese indi resasi monaca scalza .. scritto fedelmente dal p. frà Massimo della Purificazione ..$9(OLS)http://semarc/title/275063 996 $6260$aIn Parma :$bnella Stampa Ducale$9(OLS)http://semarc/publisher/50237 LEADER 01119nam a2200253 i 4500 001 000000120300 003 CaOOAMICUS 005 20031117000000.0 008 031117s1918 it u000 u ita u 013 $a92994 040 $aSeMil$bita 100 1 $aBazzocchini, Benvenuto .$0(OLS)http://semarc/name/50070 245 10$aVita di suor Maria Assunta :$bdelle Francescane Missionarie di Maria : notizie biografiche /$cBenvenuto Bazzocchini. 250 $a2. ed. 260 $aRoma :$bScuola Tipografica Salesiana,$c1918. 300 $a174 p. ;$c21 cm. 500 $aContiene : Appendice. - Fondo Card. C.M. Martini. 650 4$aPallotta, Maria Assunta .$0(OLS)http://semarc/subject/11694 850 $aSeMil 852 $aSeMil$W1$xVenegono$y1$m3J IV 126$j75488$B75488$CSeMilBibl$Z2$F86476 $81 941 1 $a4 961 $aOmaggio: Martini Card. Carlo Maria 996 $6245$aVita di suor Maria Assunta :$bdelle Francescane Missionarie di Maria : notizie biografiche$9(OLS)http://semarc/title/177006 996 $6260$aRoma :$bScuola Tipografica Salesiana$9(OLS)http://semarc/publisher/33880